000 00637nam a2200229Ia 4500
003 OSt
005 20240110053129.0
008 210331s9999||||xx |||||||||||||| ||und||
040 _cSTCPL
041 _aENG
082 _a954
_bVOH-S
245 0 _aStory of simla conference and after in words and pictures /
_cedited by H. R. Vohra and S. R. Soni
260 _aLahore :
_bThe Indian Printing Works ,
_c1945 .
300 _a82 p.
_bHB
650 _aUnionist protest
650 _aBritish reactions
650 _aBritish press comments
700 _aVohra, H. R. (ed.)
700 _aSoni, S. R. (ed.)
942 _cBK
942 _2ddc
999 _c1603
_d1603